书目信息 |
| 题名: |
锯齿取水头部设计规程
|
|
| 作者: | 中国市政工程西南设计研究院 主编 | |
| 分册: | ||
| 出版信息: |
|
|
| 页数: | 23页 | |
| 开本: | 32开 | |
| 丛书名: | ||
| 单 册: | ||
| 中图分类: | TU991.37-65 | |
| 科图分类: | ||
| 主题词: | 给水工程:市政工程 , 城市供水系统 | |
| 电子资源: | ||
| ISBN: | ||
| 000 | 00639nam0 2200193 45 | |
| 001 | 0011220797 | |
| 005 | 20001122075034.1 | |
| 010 | @d5.00元 | |
| 100 | @a20001122d km y0chiy0120 ea | |
| 101 | 0 | @achi |
| 105 | @a z 000yy | |
| 200 | 1 | @a锯齿取水头部设计规程@AJu Chi Qu Shui Tou Bu She JiGui Cheng@f中国市政工程西南设计研究院主编@FZhong Guo Shi Zheng Gong Cheng Xi Nan She Ji Yan JiuYuan Zhu Bian |
| 215 | @a23页@d32开 | |
| 606 | 0 | @a给水工程:市政工程 |
| 606 | 0 | @a城市供水系统 |
| 690 | @aTU991.37-65@v3 | |
| 701 | 0 | @a中国市政工程西南设计研究院@4主编 |
| 801 | @aCN@bPftUser@c20001122 | |
| 905 | @b419022-026@dTU991.37-65@eZH:783@f5 | |
| 锯齿取水头部设计规程/中国市政工程西南设计研究院主编 |
| 23页;32开 |
| ISBN :5.00元 |
| ● |
| 相关链接 |
|
|
|
正题名:锯齿取水头部设计规程
索取号:TU991.37-65/ZH:783
 
预约/预借
| 序号 | 登录号 | 条形码 | 馆藏地/架位号 | 状态 | 备注 |
| 1 | 419022 | 204190222 | 自科二线404/404自科库 18排4列5层/ [索取号:TU991.37-65/ZH:783] | 在馆 | |
| 2 | 419023 | 204190231 | 自科二线404/404自科库 18排4列5层/ [索取号:TU991.37-65/ZH:783] | 在馆 | |
| 3 | 419024 | 204190240 | 自科二线404/404自科库 18排4列5层/ [索取号:TU991.37-65/ZH:783] | 在馆 | |
| 4 | 419025 | 204190259 | 自科二线404/404自科库 18排4列5层/ [索取号:TU991.37-65/ZH:783] | 在馆 | |
| 5 | 419026 | 204190268 | 自科二线404/404自科库 18排4列5层/ [索取号:TU991.37-65/ZH:783] | 在馆 |